German economic review

Enregistré dans:
Détails bibliographiques
Format: Publication en série
Langue:anglais
Publié: Oxford Blackwell Publ. 2006
Sujets:
Tags: Ajouter un tag
Pas de tags, Soyez le premier à ajouter un tag!

MARC

LEADER 00000nas2a2200000 4500
001 0109491
005 20100128143251.2
022 |a 1465-6485 
041 0 |a eng 
044 |a GB 
245 1 0 |a German economic review 
264 1 |a Oxford  |b Blackwell Publ.  |c 2006 
773 0 |w eu_un_cat*s122608 
610 2 0 |a vývoj hospodársky 
610 2 0 |a teórie ekonomické